000 00953nam a2200301 i 4500
001 bg
003 BPK
005 20190830143545.0
008 011029s2001 pl a f f |000 0 pol
015 _aPB 2001/17626
020 _a8301134305
040 _aWA N
_cBPK
041 0 _apol
080 _a624.131
080 _a(075.8)
100 1 _aMyślińska, Elżbieta
_d(1935- ).
_eAutor
245 1 0 _aLaboratoryjne badania gruntów /
_cElżbieta Myślińska.
250 _aWyd. 3 uzup.
260 _aWarszawa :
_bWydaw. Naukowe PWN,
_c2001.
300 _a277, [2], 17 s. :
_bil., mapy ;
_c24 cm.
504 _aBibliogr., wykaz norm.
650 4 _aGrunt
_xbadanie.
655 4 _aPodręczniki akademickie
650 4 _aGeologia inżynierska
710 2 _aWydawnictwo Naukowe PWN
_4pbl.
856 _uhttp://koha.tu.koszalin.pl/cgi-bin/koha/opac-detail.pl?biblionumber=40280
_yKatalog online BPK
942 _2UKD
_cKS
999 _c40280
_d40280